| 000 | 00000nam##2200000za#4500 |
| 001 | 9.570198 |
| 003 | CaOODSP |
| 005 | 20220901140007 |
| 007 | cr ||||||||||| |
| 008 | 150406|1995||||xxc|||||o f|0| 0 eng|d |
| 040 | |aCaOODSP|beng |
| 043 | |an-cn--- |
| 086 | 1 |aJ3-8/1995-11E-PDF |
| 110 | 1 |aCanada.|bJustice Canada. |
| 245 | 10|aDisproportionate harm : |h[electronic resource]|bhate crime in Canada : an analysis of recent statistics / |c[by] Julian V. Roberts. |
| 260 | |aOttawa - Ontario : |bJustice Canada |c1995. |
| 300 | |a87p.|btables |
| 490 | 1 |aWorking document|vWD1995-11e |
| 504 | |aBibliography. |
| 590 | |a11-07-Supp|b2011-05-17 |
| 720 | 1 |aRoberts, Julian V. |
| 775 | 08|tLes crimes motivés par la haine au Canada : |w(CaOODSP)9.600958 |
| 830 | #0|aWorking document ;|vWD1995-11e|w(CaOODSP)9.505668 |
| 856 | 40|ahttp://publications.gc.ca|qPDF|s233 KB|uhttps://publications.gc.ca/collections/collection_2011/jus/J3-8-1995-11-eng.pdf|yWD1995-11e |